Merā wiāha; (Record no. 55747)

MARC details
000 -LEADER
fixed length control field 00653cam a22002171 4500
001 - CONTROL NUMBER
control field sa 63004599
003 - CONTROL NUMBER IDENTIFIER
control field DLC
005 - DATE AND TIME OF LATEST TRANSACTION
control field 20260227111950.0
008 - FIXED-LENGTH DATA ELEMENTS--GENERAL INFORMATION
fixed length control field 940715s1962 ii 000 0 pano
010 ## - LIBRARY OF CONGRESS CONTROL NUMBER
LC control number sa 63004599
025 ## - OVERSEAS ACQUISITION NUMBER
Overseas acquisition number PL480:I-Pu-214
035 ## - SYSTEM CONTROL NUMBER
System control number (OCoLC)30773623
040 ## - CATALOGING SOURCE
Original cataloging agency DLC
Transcribing agency CU
Modifying agency CU
-- NSyU
-- DLC
042 ## - AUTHENTICATION CODE
Authentication code premarc
050 00 - LIBRARY OF CONGRESS CALL NUMBER
Classification number PK2659.S5928
Item number M4
100 1# - MAIN ENTRY--PERSONAL NAME
Personal name Singh, Trilok,
Dates associated with a name 1908-
245 10 - TITLE STATEMENT
Title Merā wiāha;
Remainder of title hasāuṇā te suādaha samajaka nāwala,
Statement of responsibility, etc. lekhaka Taraloka Siṅgha 'Tufāna.'
260 ## - PUBLICATION, DISTRIBUTION, ETC.
Place of publication, distribution, etc. Ammritasara,
Name of publisher, distributor, etc. Bhāī Mehara Siṅgha Surindara Siṅgha
Date of publication, distribution, etc. [1962]
300 ## - PHYSICAL DESCRIPTION
Extent 79 p.
Dimensions 19 cm.
500 ## - GENERAL NOTE
General note In Panjabi.

No items available.

Powered by Koha